[Event "POL-ch U20 Girls"]
[Site "Konin"]
[Date "1990.??.??"]
[Round "4"]
[White "Turczynowicz, Jolanta"]
[Black "Bednarska, Malgorzata"]
[Result "0-1"]
[WhiteElo "2060"]
[BlackElo "2130"]
[PlyCount "110"]
[EventDate "1990.??.??"]
[EventType "tourn"]
[EventRounds "9"]
[EventCountry "POL"]
[SourceTitle "EXT 1999"]
[Source "ChessBase"]
[SourceDate "1998.11.16"]
[SourceVersion "1"]
[SourceVersionDate "1998.11.16"]
[SourceQuality "1"]

1. e4 c5 2. Nf3 d6 3. d4 cxd4 4. Nxd4 Nf6 5. Nc3 g6 6. Be3 Bg7 7. f3 Nc6 8. Bc4 0-0 9. Qd2 Bd7 10. h4 h5 11. 0-0-0 Rc8 12. Bb3 Ne5 13. Bg5 Rc5 14. f4 Nc4 15. Qd3 Ng4 16. Bxc4 Nf2 17. Qe2 Nxh1 18. Bb3 Qb6 19. Nf3 Rxc3 20. bxc3 Qf2 21. Qd3 Ng3 22. Rd2 Qf1+ 23. Qxf1 Nxf1 24. Rd1 Ng3 25. e5 Re8 26. Re1 Kf8 27. e6 fxe6 28. Bxe6 Bxe6 29. Rxe6 Bxc3 30. Bh6+ Bg7 31. Rxg6 Bxh6 32. Rxh6 Kg7 33. Re6 Nf5 34. Kd2 Rc8 35. Re4 Rc7 36. Rb4 Kf6 37. Kd3 d5 38. Rb5 e6 39. Rb4 b6 40. a3 Rg7 41. c4 Rxg2 42. cxd5 exd5 43. Nd4 Rg3+ 44. Ke2 Rxa3 45. Nf3 b5 46. Kf2 a5 47. Rb1 b4 48. Rd1 Ra2+ 49. Kg1 b3 50. Rxd5 b2 51. Nd2 Ra1+ 52. Kh2 Re1 53. Rxa5 Re2+ 54. Kh3 Rxd2 55. Rb5 Nd4 0-1

[Event "POL-ch U20 Girls"]
[Site "Konin"]
[Date "1990.??.??"]
[Round "1"]
[White "Turczynowicz, Jolanta"]
[Black "Lewandowska, Katarzyna"]
[Result "1-0"]
[WhiteElo "2060"]
[BlackElo "2085"]
[PlyCount "85"]
[EventDate "1990.??.??"]
[EventType "tourn"]
[EventRounds "9"]
[EventCountry "POL"]
[SourceTitle "EXT 1999"]
[Source "ChessBase"]
[SourceDate "1998.11.16"]
[SourceVersion "1"]
[SourceVersionDate "1998.11.16"]
[SourceQuality "1"]

1. e4 d5 2. exd5 Nf6 3. d4 Nxd5 4. c4 Nb6 5. Nf3 g6 6. h3 Bg7 7. Nc3 0-0 8. Be3 Nc6 9. Qd2 e5 10. d5 Nd4 11. Nxd4 exd4 12. Bxd4 Bxd4 13. Qxd4 Re8+ 14. Be2 c5 15. Qf4 g5 16. Qg3 Nxc4 17. 0-0-0 Nd6 18. h4 g4 19. Bxg4 Kh8 20. Bxc8 Rxc8 21. Qf4 b5 22. Rhe1 b4 23. Rxe8+ Nxe8 24. Ne4 c4 25. Ng5 Qf6 26. Qxf6+ Nxf6 27. d6 Kg7 28. f3 Nd7 29. Rd5 h6 30. Ne4 Nf6 31. Rc5 Rd8 32. Rxc4 a5 33. Rd4 Nxe4 34. fxe4 Kf6 35. Kd2 Ke6 36. Ke3 f5 37. exf5+ Kxf5 38. g4+ Ke5 39. d7 Ke6 40. Ke4 a4 41. b3 axb3 42. axb3 Kf6 43. Rd6+ 1-0